000 00337nam a2200145Ia 4500
003 OSt
005 20231230072157.0
008 170524s9999 xx 000 0 und d
020 _a9788126123421
040 _cIIMT UNIVERSITY
100 _aSharma Seema
245 0 _aDevelopment Jourlalism
260 _bNew Delhi:Anmol
942 _2ddc
_c01
999 _c8998
_d8998